<?xml version="1.0" encoding="UTF-8"?>
<collection xmlns="http://www.loc.gov/MARC21/slim">
 <record>
  <leader>01411nam a2200217Ia 4500</leader>
  <controlfield tag="001">TDMU_28355</controlfield>
  <controlfield tag="008">210410s9999    xx            000 0 und d</controlfield>
  <datafield tag="082" ind1=" " ind2=" ">
   <subfield code="a">973.93</subfield>
  </datafield>
  <datafield tag="090" ind1=" " ind2=" ">
   <subfield code="b">NG527</subfield>
  </datafield>
  <datafield tag="100" ind1=" " ind2=" ">
   <subfield code="a">Nguyễn, Thị Thanh Xuyên</subfield>
  </datafield>
  <datafield tag="245" ind1=" " ind2="0">
   <subfield code="a">Tín ngưỡng thờ cúng thần Lúa của người Hrê tại xã An Vinh huyện An Lão, tỉnh Bình Định</subfield>
  </datafield>
  <datafield tag="245" ind1=" " ind2="0">
   <subfield code="c">Nguyễn Thị Thanh Xuyên</subfield>
  </datafield>
  <datafield tag="260" ind1=" " ind2=" ">
   <subfield code="a">H.</subfield>
  </datafield>
  <datafield tag="260" ind1=" " ind2=" ">
   <subfield code="b">Mỹ thuật</subfield>
  </datafield>
  <datafield tag="260" ind1=" " ind2=" ">
   <subfield code="c">2016</subfield>
  </datafield>
  <datafield tag="300" ind1=" " ind2=" ">
   <subfield code="a">179 tr .</subfield>
  </datafield>
  <datafield tag="520" ind1=" " ind2=" ">
   <subfield code="a">TM tài liệu tham khảo tr. 154 162; Trình bày cơ sở lý thuyết, đặc điểm văn hóa - xã hội của người Hrê ở Bình Định; tín ngưỡng thờ thần Lúa truyền thống và những biến đổi trong tín ngưỡng thờ thần Lúa của người Hrê trong thời kỳ đổi mới</subfield>
  </datafield>
  <datafield tag="650" ind1=" " ind2=" ">
   <subfield code="a">Văn hóa dân gian</subfield>
   <subfield code="x">Tín ngưỡng</subfield>
   <subfield code="x">Thần lúa</subfield>
   <subfield code="x">Dân tộc Hrê</subfield>
   <subfield code="z">Bình Định (Việt Nam); Dân tộc Hrê</subfield>
   <subfield code="x">Văn hóa</subfield>
   <subfield code="x">Tín ngưỡng</subfield>
   <subfield code="x">Thờ thần lúa; Thần lúa</subfield>
   <subfield code="x">Tín ngưỡng</subfield>
   <subfield code="x">Dân tộc Hrê</subfield>
   <subfield code="z">Bình Định (Việt Nam)</subfield>
  </datafield>
  <datafield tag="700" ind1=" " ind2=" ">
   <subfield code="a">Hội Văn nghệ dân gian Việt Nam</subfield>
  </datafield>
  <datafield tag="856" ind1=" " ind2=" ">
   <subfield code="u">http://lrc.tdmu.edu.vn/opac/search/detail.asp?aID=2&amp;ID=28355</subfield>
  </datafield>
  <datafield tag="980" ind1=" " ind2=" ">
   <subfield code="a">Trung tâm Học liệu Trường Đại học Thủ Dầu Một</subfield>
  </datafield>
 </record>
</collection>
